Statistics for Countries Most Similar To Laos

Click here to take the quiz!

General Stats

  • This quiz has been taken 29 times
  • The average score is 10 of 20

Answer Stats

RankCountryScore% Correct
1Cambodia74.1
90%
11China55.5
90%
2Myanmar68.5
90%
4Thailand65.2
90%
3Vietnam67.3
90%
9Indonesia56.8
76%
7Philippines57.2
76%
17Sri Lanka54.3
67%
19Bangladesh53.9
62%
8Bhutan57
62%
5Nepal57.7
57%
10North Korea56.5
52%
6Madagascar57.3
29%
14Angola54.8
14%
18Burundi54.1
14%
15Rwanda54.7
10%
13Bolivia54.9
5%
12Cameroon55.1
5%
20Ivory Coast53.3
5%
16Guinea54.6
0%

Score Distribution

Percentile by Number Answered

Percent of People with Each Score

Your Score History

You have not taken this quiz